000
00369nam a22001577a 4500
003
MPLRDC
005
20220104143450.0
008
210129b ||||| |||| 00| 0 eng d
082
_a
738.01 NYYS
100
_a
不详
245
_a
英属东南亚之复兴
_c
260
_a
_b
南洋印刷
_c
300
_b
平
650
_a
东南亚通史
942
_c
BK
_o
738.01 NYYS
999
_c
40168
_d
40158